[Event "Berlin Lichtenberger op 18th"]
[Site "Berlin"]
[Date "2019.08.22"]
[Round "6"]
[White "Toth, Hans Juergen"]
[Black "Caglar, Erdal"]
[Result "0-1"]
[WhiteElo "1401"]
[BlackElo "1514"]
[PlyCount "132"]
[EventDate "2019.08.17"]
[EventType "swiss"]
[EventRounds "9"]
[EventCountry "GER"]
[SourceTitle "EXT 2020"]
[Source "ChessBase"]
[SourceDate "2019.10.17"]
[SourceVersion "1"]
[SourceVersionDate "2019.10.17"]
[SourceQuality "1"]

1. f4 d5 2. e3 Nf6 3. Nf3 c6 4. b3 Bg4 5. Be2 Nbd7 6. Bb2 e6 7. 0-0 Be7 8. d4 Ne4 9. Nbd2 Ndf6 10. Ne5 Bxe2 11. Qxe2 Nxd2 12. Qxd2 Ne4 13. Qe2 f6 14. Nd3 0-0 15. a4 Rc8 16. Nf2 f5 17. Nxe4 fxe4 18. c4 Qb6 19. Qc2 a5 20. c5 Qa6 21. Ba3 b5 22. b4 Bd8 23. Rab1 axb4 24. Bxb4 Qxa4 25. Qxa4 bxa4 26. Ra1 Ra8 27. Ra2 Rf7 28. Rfa1 Rfa7 29. g4 g5 30. f5 exf5 31. gxf5 h5 32. h3 Kf7 33. Kg2 Kf6 34. Be1 Kxf5 35. Bg3 Kg6 36. Rf1 Rf7 37. Rb1 Bc7 38. Bxc7 Rxc7 39. Rb6 Kf5 40. Rb4 Rca7 41. Rb6 Rc7 42. Rb4 Ke6 43. Rbxa4 Rxa4 44. Rxa4 Rb7 45. Ra6 Kd7 46. Ra2 h4 47. Kh2 Kc8 48. Kg2 Rb3 49. Kf2 Kb7 50. Re2 Rb4 51. Kf1 Rb5 52. Kg1 Rb3 53. Kf1 Ka6 54. Re1 Kb5 55. Ke2 Rb2+ 56. Kf1 Kc4 57. Ra1 Rh2 58. Ra6 Kd3 59. Rxc6 Rxh3 60. Ra6 Rf3+ 61. Kg1 g4 62. c6 Rf7 63. Rb6 Rc7 64. Kg2 Kxe3 65. Ra6 Kxd4 66. Ra8 Rxc6 0-1

[Event "Berlin Lichtenberger op 17th"]
[Site "Berlin"]
[Date "2018.08.20"]
[Round "3"]
[White "Schild, Reinhard"]
[Black "Toth, Hans Juergen"]
[Result "0-1"]
[WhiteElo "1601"]
[BlackElo "1452"]
[PlyCount "104"]
[EventDate "2018.08.18"]
[EventType "swiss"]
[EventRounds "9"]
[EventCountry "GER"]
[SourceTitle "CBM 186 Extra"]
[Source "ChessBase"]
[SourceDate "2018.08.24"]
[SourceVersion "1"]
[SourceVersionDate "2018.08.24"]
[SourceQuality "1"]

1. d4 f5 2. Nf3 Nf6 3. e3 e6 4. Bd3 d5 5. 0-0 Bd6 6. Nbd2 b6 7. Qe2 0-0 8. b3 a5 9. Bb2 Ba6 10. Bxa6 Nxa6 11. Rfc1 Nb4 12. a3 Nc6 13. c4 Nb8 14. c5 bxc5 15. dxc5 Be7 16. Ne5 Nfd7 17. b4 Nxe5 18. Bxe5 Nc6 19. Bc3 Bf6 20. Nf3 Bxc3 21. Rxc3 axb4 22. Rb3 Qf6 23. Qd1 Ra4 24. Nd4 Nxd4 25. exd4 bxa3 26. Rd3 Rfa8 27. Ra2 Rc4 28. Qa1 Qg5 29. Rd1 h5 30. Rxa3 Rxa3 31. Qxa3 Kh7 32. Qe3 Qxe3 33. fxe3 Rc2 34. g3 g5 35. h3 Re2 36. Rd3 Kg6 37. Ra3 f4 38. exf4 gxf4 39. gxf4 Kf5 40. Ra7 Kxf4 41. Rxc7 Ke4 42. Re7 Kxd4 43. c6 Rc2 44. Rxe6 Kd3 45. Re5 d4 46. Rxh5 Rxc6 47. Re5 Kc2 48. Re2+ Kc3 49. Kf1 d3 50. Ra2 Kd4 51. Ke1 Ke3 52. Kd1 Rg6 0-1

[Event "Berlin Werner Ott op"]
[Site "Berlin"]
[Date "2018.07.08"]
[Round "9"]
[White "Zhou, Lepu Coco"]
[Black "Toth, Hans Juergen"]
[Result "1-0"]
[WhiteElo "1641"]
[BlackElo "1464"]
[PlyCount "71"]
[EventDate "2018.06.30"]
[EventType "swiss"]
[EventRounds "9"]
[EventCountry "GER"]
[SourceTitle "CBM 185 Extra"]
[Source "ChessBase"]
[SourceDate "2018.07.29"]
[SourceVersion "1"]
[SourceVersionDate "2018.07.29"]
[SourceQuality "1"]

1. e4 e6 2. d4 d5 3. Nc3 Bb4 4. e5 c5 5. a3 Bxc3+ 6. bxc3 Ne7 7. Nf3 0-0 8. Bd3 h6 9. 0-0 c4 10. Be2 Nd7 11. Be3 f5 12. Qd2 Kh7 13. Ne1 Ng6 14. f4 Nb6 15. Rf3 Bd7 16. Rg3 Be8 17. Nf3 Nh4 18. Qe1 Nxf3+ 19. Bxf3 Na4 20. Bd2 b5 21. Rh3 Rb8 22. g4 Bg6 23. g5 Qe8 24. Qh4 h5 25. Kh1 Rh8 26. Rg1 Kg8 27. Qe1 Bf7 28. g6 Bxg6 29. Qg3 Rh6 30. Bxh5 Rb7 31. Bxg6 Rxh3 32. Qxh3 Rf7 33. Qh7+ Kf8 34. Be1 Ke7 35. Bxf7 Qxf7 36. Rxg7 1-0

[Event "Berlin Lichtenberger op 16th"]
[Site "Berlin"]
[Date "2017.08.26"]
[Round "8"]
[White "Plaza Reino, Leire"]
[Black "Toth, Hans Juergen"]
[Result "1-0"]
[WhiteElo "1253"]
[BlackElo "1546"]
[PlyCount "137"]
[EventDate "2017.08.19"]
[EventType "swiss"]
[EventRounds "9"]
[EventCountry "GER"]
[SourceTitle "CBM 180 Extra"]
[Source "ChessBase"]
[SourceDate "2017.10.06"]
[SourceVersion "1"]
[SourceVersionDate "2017.10.06"]
[SourceQuality "1"]

1. e4 e6 2. d4 d5 3. Nc3 Bb4 4. Bd3 Nc6 5. Nf3 Nf6 6. e5 Ne4 7. Bd2 Nxc3 8. Bxc3 Qe7 9. Qd2 a5 10. a3 Bxc3 11. Qxc3 0-0 12. 0-0 h6 13. Qd2 f5 14. exf6 Qxf6 15. c3 b6 16. Rfe1 Bd7 17. Qc2 Be8 18. Re3 g5 19. Rae1 Bf7 20. Bb5 Na7 21. Qe2 Nxb5 22. Qxb5 Rae8 23. Ne5 Kg7 24. Nd7 Qf5 25. Nxf8 Rxf8 26. Qd7 Kg8 27. Qxc7 Bh5 28. f3 g4 29. Re5 Qg6 30. Rxe6 Qf5 31. Qe5 gxf3 32. Qxf5 Rxf5 33. gxf3 Bxf3 34. Re8+ Kg7 35. R1e7+ Kg6 36. Re6+ Kg5 37. Re5 Kf4 38. Rxf5+ Kxf5 39. Rf8+ Ke4 40. Rf6 h5 41. Rxb6 Kd3 42. Rb5 Kc2 43. Kf2 Be4 44. Kg3 a4 45. Kh4 Bf3 46. Rb4 Kb1 47. Rxa4 Kxb2 48. Ra7 Kxc3 49. Kg3 Be4 50. Kf2 Kxd4 51. Ke1 Ke3 52. Rb7 d4 53. Rb3+ d3 54. a4 h4 55. a5 h3 56. a6 Bf3 57. a7 Bd5 58. Ra3 Ba8 59. Kd1 Bf3+ 60. Ke1 Ba8 61. Rb3 Bg2 62. Ra3 Ba8 63. Ra2 Kf3 64. Kd2 Kf2 65. Kxd3+ Kg1 66. Ke3 Kh1 67. Kf4 Bg2 68. Kg3 Ba8 69. Ra1# 1-0

[Event "Berlin Lichtenberger op 16th"]
[Site "Berlin"]
[Date "2017.08.19"]
[Round "1"]
[White "Toth, Hans Juergen"]
[Black "Nabel, Matthias"]
[Result "0-1"]
[WhiteElo "1546"]
[BlackElo "1940"]
[PlyCount "56"]
[EventDate "2017.08.19"]
[EventType "swiss"]
[EventRounds "9"]
[EventCountry "GER"]
[SourceTitle "CBM 180 Extra"]
[Source "ChessBase"]
[SourceDate "2017.10.06"]
[SourceVersion "1"]
[SourceVersionDate "2017.10.06"]
[SourceQuality "1"]

1. f4 d5 2. Nf3 c6 3. e3 Nf6 4. b3 Bg4 5. Bb2 e6 6. Be2 Nbd7 7. 0-0 Bd6 8. d4 Ne4 9. Nbd2 f5 10. Nxe4 fxe4 11. Ng5 Bxe2 12. Qxe2 Qf6 13. Qg4 Qf5 14. Qh5+ g6 15. Qh3 Qxh3 16. Nxh3 Ke7 17. a4 Rac8 18. Rfc1 Nf6 19. Nf2 Rhg8 20. h4 h6 21. c4 g5 22. c5 Bc7 23. hxg5 hxg5 24. fxg5 Rxg5 25. Nh3 Rg3 26. Re1 Rcg8 27. Kh1 Rxg2 28. Bc3 Rh2# 0-1

[Event "Berlin-ch Seniors op 33rd"]
[Site "Berlin"]
[Date "2017.02.08"]
[Round "8"]
[White "Toth, Hans Juergen"]
[Black "Bock, Dietmar"]
[Result "1-0"]
[WhiteElo "1584"]
[BlackElo "1300"]
[PlyCount "115"]
[EventDate "2017.01.31"]
[EventType "swiss"]
[EventRounds "9"]
[EventCountry "GER"]
[SourceTitle "EXT 2019"]
[Source "ChessBase"]
[SourceDate "2018.10.10"]
[SourceVersion "1"]
[SourceVersionDate "2018.10.10"]
[SourceQuality "1"]

1. f4 g6 2. Nf3 Bg7 3. e3 d6 4. d4 e6 5. Bd3 b6 6. 0-0 Bb7 7. Nbd2 d5 8. c4 Nd7 9. Qa4 Ne7 10. cxd5 0-0 11. dxe6 fxe6 12. Ng5 Rf6 13. Nde4 Bxe4 14. Bxe4 Rb8 15. Qxa7 h6 16. Nf3 c6 17. Bd2 Ra8 18. Qb7 Rb8 19. Qa6 c5 20. Bc3 Rf7 21. Ne5 Bxe5 22. fxe5 Qc8 23. Qxc8+ Rxc8 24. Rxf7 Kxf7 25. Rf1+ Kg7 26. a3 c4 27. Rf2 b5 28. Bb4 Nc6 29. Bxc6 Rxc6 30. Kf1 h5 31. h4 Nb6 32. Bf8+ Kg8 33. Bd6 Rc8 34. Ke1 Nd7 35. Kd2 Kg7 36. Kc3 Nb6 37. Kb4 Nd5+ 38. Kxb5 Nxe3 39. g3 Nf5 40. Rc2 Nxd4+ 41. Kb4 Nxc2+ 42. Kc3 Ne3 43. b4 Nd5+ 44. Kc2 c3 45. Bc5 Kh6 46. a4 g5 47. a5 gxh4 48. gxh4 Kg6 49. Kb3 Kf5 50. Kc2 Kxe5 51. a6 Ke4 52. b5 Rxc5 53. a7 Nc7 54. b6 Ra5 55. bxc7 Rxa7 56. c8Q Ra2+ 57. Kxc3 Ra3+ 58. Kb4 1-0

[Event "Berlin-ch Seniors op 33rd"]
[Site "Berlin"]
[Date "2017.02.07"]
[Round "7"]
[White "Morczynski, Ryszard"]
[Black "Toth, Hans Juergen"]
[Result "1-0"]
[WhiteElo "1351"]
[BlackElo "1584"]
[PlyCount "79"]
[EventDate "2017.01.31"]
[EventType "swiss"]
[EventRounds "9"]
[EventCountry "GER"]
[SourceTitle "EXT 2019"]
[Source "ChessBase"]
[SourceDate "2018.10.10"]
[SourceVersion "1"]
[SourceVersionDate "2018.10.10"]
[SourceQuality "1"]

1. e4 e6 2. d4 d5 3. Nc3 Bb4 4. Qd3 dxe4 5. Qxe4 Bxc3+ 6. bxc3 Nf6 7. Qd3 0-0 8. Bg5 Nbd7 9. Nf3 h6 10. Bh4 b6 11. Be2 Bb7 12. 0-0 a5 13. c4 Qe8 14. Rae1 Be4 15. Qc3 Bh7 16. Bd3 g5 17. Bxh7+ Nxh7 18. Bg3 Qd8 19. Ne5 Nhf6 20. Nc6 Qe8 21. Bxc7 Rc8 22. Qg3 Nh5 23. Qd6 Ng7 24. Ne7+ Kh7 25. Nxc8 Qxc8 26. Qg3 f5 27. Bd6 Rf7 28. Qd3 Nf6 29. f4 g4 30. Re3 Qd8 31. Rxe6 Nxe6 32. Qxf5+ Kg7 33. Qxe6 h5 34. Be5 Qd7 35. Bxf6+ Kf8 36. Qxd7 Rxd7 37. Rb1 Rb7 38. Kf2 Kf7 39. Bg5 Ke6 40. Kg3 1-0

[Event "MVP-ch Seniors op 15th"]
[Site "Binz"]
[Date "2015.11.24"]
[Round "1.62"]
[White "Toth, Hans Juergen"]
[Black "Bachmann, Rolf"]
[Result "0-1"]
[WhiteElo "1386"]
[BlackElo "1825"]
[PlyCount "76"]
[EventDate "2015.11.24"]
[EventType "swiss"]
[EventRounds "9"]
[EventCountry "GER"]
[SourceTitle "EXT 2017"]
[Source "ChessBase"]
[SourceDate "2016.10.25"]
[SourceVersion "1"]
[SourceVersionDate "2016.10.25"]
[SourceQuality "1"]

1. f4 d5 2. Nf3 g6 3. e3 Bg7 4. c4 Nf6 5. Nc3 0-0 6. cxd5 Nxd5 7. Bc4 Nb6 8. Qb3 Nxc4 9. Qxc4 b6 10. 0-0 Ba6 11. Qe4 c6 12. Rd1 Qc7 13. b3 Bb7 14. Qc2 c5 15. Bb2 e5 16. Nb5 Qd7 17. a4 a6 18. Na3 Qg4 19. Rf1 exf4 20. Bxg7 Kxg7 21. Nc4 Nd7 22. Qc3+ f6 23. Rf2 fxe3 24. dxe3 Bxf3 25. Rxf3 b5 26. axb5 axb5 27. Na5 Qe6 28. b4 c4 29. Rd1 Ne5 30. Rf4 Nd3 31. Rf3 Rac8 32. Nb7 Rf7 33. Rxd3 cxd3 34. Nc5 Qc4 35. Qxc4 bxc4 36. Rf4 d2 37. Rxc4 d1Q+ 38. Kf2 Rxc5 0-1

[Event "Berlin-ch Seniors op 31st"]
[Site "Berlin"]
[Date "2015.02.05"]
[Round "7"]
[White "Toth, Hans Juergen"]
[Black "Krawatzki, Armin"]
[Result "0-1"]
[WhiteElo "1362"]
[BlackElo "1556"]
[PlyCount "114"]
[EventDate "2015.01.29"]
[EventType "swiss"]
[EventRounds "9"]
[EventCountry "GER"]
[SourceTitle "EXT 2018"]
[Source "ChessBase"]
[SourceDate "2017.10.13"]
[SourceVersion "1"]
[SourceVersionDate "2017.10.13"]
[SourceQuality "1"]

1. f4 d5 2. Nf3 c5 3. e3 Nc6 4. Bb5 Bd7 5. 0-0 a6 6. Bxc6 Bxc6 7. Ne5 Nf6 8. d3 g6 9. Nxc6 bxc6 10. b3 Bg7 11. a4 0-0 12. Nd2 Rb8 13. Rb1 Qd7 14. h3 Ne8 15. c4 Nd6 16. Nf3 f6 17. g4 Rfd8 18. Ba3 Qa7 19. Qc2 Nf7 20. Kg2 Bf8 21. Bb2 Qc7 22. g5 Qd6 23. Ba3 fxg5 24. Nxg5 Nxg5 25. fxg5 Qe5 26. Qf2 Qxg5+ 27. Kh1 Bg7 28. Bxc5 Rf8 29. Qg2 Rxf1+ 30. Rxf1 Qxg2+ 31. Kxg2 Rxb3 32. Rd1 e6 33. Kf3 Rb2 34. a5 Bc3 35. Bb6 Kf7 36. c5 Rb5 37. d4 Bxa5 38. Bxa5 Rxa5 39. Rd3 Rb5 40. e4 a5 41. exd5 exd5 42. Kg4 a4 43. Kg5 Rb3 44. Rd1 Rxh3 45. Ra1 a3 46. Rf1+ Kg7 47. Kf4 Rh5 48. Ra1 Rf5+ 49. Kg3 h5 50. Rxa3 Kh6 51. Re3 Rf6 52. Re8 Kg7 53. Re7+ Kf8 54. Re5 Kf7 55. Re3 Rf5 56. Kh4 Rf4+ 57. Kg5 Rxd4 0-1

[Event "Berlin Lichtenberger op 13th"]
[Site "Berlin"]
[Date "2014.08.23"]
[Round "8"]
[White "Schweitzer, Paul"]
[Black "Toth, Hans Juergen"]
[Result "1-0"]
[WhiteElo "1712"]
[BlackElo "1631"]
[PlyCount "49"]
[EventDate "2014.08.16"]
[EventType "swiss"]
[EventRounds "9"]
[EventCountry "GER"]
[SourceTitle "CBM 161 Extra"]
[Source "ChessBase"]
[SourceDate "2014.08.29"]
[SourceVersion "1"]
[SourceVersionDate "2014.08.29"]
[SourceQuality "1"]

1. d4 f5 2. Nf3 Nf6 3. Bg5 e6 4. c3 d5 5. Nbd2 Be7 6. e3 0-0 7. Qb3 c6 8. 0-0-0 a5 9. Ne5 Nbd7 10. f3 h6 11. Bf4 Nh5 12. Nxd7 Qxd7 13. Be5 Bf6 14. g4 Bg5 15. gxh5 Bxe3 16. c4 f4 17. Bh3 dxc4 18. Qxc4 b5 19. Qd3 Qd5 20. Qg6 Rf7 21. Kb1 c5 22. Ne4 Qc4 23. Nd6 Qd5 24. Qxf7+ Kh8 25. Qxg7# 1-0

[Event "Berlin Lichtenberger op 13th"]
[Site "Berlin"]
[Date "2014.08.17"]
[Round "2"]
[White "Korell, Klaus Peter"]
[Black "Toth, Hans Juergen"]
[Result "1-0"]
[WhiteElo "1901"]
[BlackElo "1631"]
[PlyCount "67"]
[EventDate "2014.08.16"]
[EventType "swiss"]
[EventRounds "9"]
[EventCountry "GER"]
[SourceTitle "CBM 161 Extra"]
[Source "ChessBase"]
[SourceDate "2014.08.29"]
[SourceVersion "1"]
[SourceVersionDate "2014.08.29"]
[SourceQuality "1"]

1. d4 f5 2. Nc3 Nf6 3. g3 e6 4. Bg2 d5 5. Nf3 Bb4 6. Bd2 0-0 7. 0-0 Nc6 8. a3 Bd6 9. Rc1 Qe8 10. Nb5 Ne4 11. Nxd6 cxd6 12. Bf4 b6 13. Nd2 Qd7 14. f3 Nf6 15. Be3 Bb7 16. c4 Ne7 17. Qb3 dxc4 18. Nxc4 Rac8 19. Bf4 Rc6 20. e4 d5 21. Ne5 Qe8 22. Nxc6 Bxc6 23. e5 Nh5 24. Bg5 Ng6 25. Bd2 Bb5 26. Rfe1 Bc4 27. Qd1 Qb5 28. Bb4 Rf7 29. b3 Bd3 30. Re3 a5 31. Bd6 Nhf4 32. gxf4 Nxf4 33. Rc8+ Rf8 34. Rxf8# 1-0